000 00891cam a2200289 4500
001 28437
003 BD-RjUL
005 20211209051301.0
008 140330r1956 - b 001 0 eng d
035 _a(BD-RjUL)28518
035 _a(DLC)37015188
040 _aDLC
_cOClU
_dDCHS
_dBD-RjUL
_beng
041 1 _aeng
_hgrc
082 _a113
_bCOP 1956
090 _aLCo
100 _aPlato
_987082
245 1 0 _aPlato's cosmology :
_bthe Timaeus of Plato /
_ctranslated with a running commentary by Francis Macdonald Cornford.
260 _aLondon :
_bRoutledge and Kegan Paul Ltd.,
_c1937 [4th Impression 1956].
300 _axviii, 376 p. :
_bill. ;
_c22 cm.
504 _aIncludes index.
650 _aPlato. Timaeus Commentaries
_987083
830 0 _v101.
_987086
700 _aCornford, Francis Macdodald
_987085
942 _2ddc
_cBK
999 _c28437
_d28437